| 000 | 00916nam a22002537a 4500 | ||
|---|---|---|---|
| 999 |
_c329235 _d329235 |
||
| 003 | Nust | ||
| 005 | 20170427165614.0 | ||
| 008 | 131219b xxu||||| |||| 00| 0 eng d | ||
| 020 |
_a0521682584 _cAvailable |
||
| 040 |
_aDLC _bDLC _cRCMS |
||
| 050 |
_a428.34OCO _b000705 |
||
| 082 |
_22nd ed. _a428.1 OCO |
||
| 100 | _aO'Connor,J.D | ||
| 245 | _aBetter English Pronunciation | ||
| 250 | _a2nd ed. | ||
| 260 |
_aUK _bCambridge University Press _cc1980 |
||
| 300 |
_ax,150,p: _bill: _c22,cm. |
||
| 500 | _aP.B | ||
| 538 | _iShelf No 13 Row No 1 | ||
| 650 | _aForeign Language Study | ||
| 856 | _3Table of Content Only | ||
| 942 |
_2ddc _cBK _k428.1 OCO |
||